00398 2200157 4500001002100000008004100021035002000062245003200082100001600114260003200130300002200162020002200184084001400206082000800220990001200228INLIS000000000002790 IND  a0010-0925000137 aSebening SenjacWawan Wulan aWawan Wulan aJakartabRumah Oranyec2013 a216c(13 x 19 cm) a978-602-1588-09-3 a813 WAW s a813 a0755012